[Event "VIII Open FIDE"]
[Site "Forli' ITA"]
[Date "1995.08.??"]
[Round "?"]
[White "Sarno, Spartaco"]
[Black "Corvi, Marco"]
[Result "1-0"]
[WhiteElo "2405"]
[BlackElo "2185"]
[PlyCount "97"]
[EventDate "1995.08.28"]

1. c4 f5 2. Nc3 Nf6 3. g3 d6 4. Bg2 e5 5. d3 Be7 6. Rb1 O-O 7. b4 c6 8. Nf3 Qe8
9. O-O Qh5 10. e3 Ng4 11. h3 Nf6 12. Nd2 Qh6 13. f4 g5 14. Ne2 Nbd7 15. b5 c5
16. fxg5 Qxg5 17. Nf3 Qh5 18. Nc3 Nb6 19. a4 Be6 20. a5 Nbd7 21. Nh4 Qxd1 22.
Rxd1 Rab8 23. Nf3 Nh5 24. Kh2 Rf7 25. Ng1 Rg7 26. Nge2 Ndf6 27. b6 a6 28. Bb2
Bf8 29. Rf1 Rd8 30. e4 fxe4 31. Nxe4 Nxe4 32. Bxe4 Rgd7 33. g4 Ng7 34. Nc3 Be7
35. Bc1 Rf8 36. Bh6 Rxf1 37. Rxf1 Ne8 38. Nd5 Ng7 39. Rf6 Bf7 40. g5 Bd8 41.
Bxg7 Kxg7 42. Bf5 Bxd5 43. Bxd7 Bxf6 44. gxf6+ Kxf6 45. cxd5 e4 46. dxe4 Ke5
47. Kg2 Kxe4 48. Bc8 c4 49. Kf2 1-0

[Event "VIII Open FIDE"]
[Site "Forli' ITA"]
[Date "1995.08.??"]
[Round "?"]
[White "Sarno, Spartaco"]
[Black "Cvitan, Ognjen"]
[Result "1/2-1/2"]
[WhiteElo "2405"]
[BlackElo "2510"]
[PlyCount "28"]
[EventDate "1995.08.28"]

1. c4 g6 2. Nc3 Bg7 3. g3 Nf6 4. Bg2 O-O 5. d3 d6 6. Rb1 a5 7. Nf3 c6 8. O-O e5
9. a3 Nbd7 10. Ne1 Nb6 11. Be3 Ng4 12. Bxb6 Qxb6 13. b4 axb4 14. axb4 Bd7
1/2-1/2

[Event "VIII Open FIDE"]
[Site "Forli' ITA"]
[Date "1995.08.??"]
[Round "?"]
[White "Sarno, Spartaco"]
[Black "Drei, Andrea"]
[Result "1-0"]
[WhiteElo "2405"]
[BlackElo "2290"]
[PlyCount "45"]
[EventDate "1995.08.28"]

1. Nf3 Nf6 2. c4 c5 3. g3 g6 4. Bg2 Bg7 5. O-O O-O 6. d4 cxd4 7. Nxd4 Nc6 8.
Nc2 d6 9. Nc3 Be6 10. b3 Qd7 11. Re1 Rfd8 12. e4 Ne8 13. Bb2 Nc7 14. Rb1 Rab8
15. Nd5 b5 16. Bxg7 Kxg7 17. Nd4 bxc4 18. Nxc6 Qxc6 19. Qd4+ f6 20. bxc4 Kf8
21. Qxa7 Ra8 22. Qxc7 Bxd5 23. Qxe7+ 1-0

[Event "VIII Open FIDE"]
[Site "Forli' ITA"]
[Date "1995.08.??"]
[Round "?"]
[White "Sarno, Spartaco"]
[Black "Naumkin, Igor"]
[Result "0-1"]
[WhiteElo "2405"]
[BlackElo "2455"]
[PlyCount "76"]
[EventDate "1995.08.28"]

1. c4 e5 2. Nc3 Nf6 3. Nf3 Nc6 4. g3 Bb4 5. Nd5 e4 6. Nxb4 Nxb4 7. Nd4 O-O 8.
Nc2 Nxc2+ 9. Qxc2 d5 10. cxd5 Qxd5 11. Bg2 Bf5 12. O-O c6 13. Qc3 Qe6 14. b3
Bh3 15. Bxh3 Qxh3 16. Bb2 Rad8 17. f3 Qh6 18. Rad1 Nd5 19. Qc5 Rfe8 20. fxe4
Rxe4 21. Qf2 Qg6 22. Qg2 Qe6 23. e3 c5 24. Qf3 Nb4 25. a3 Nd3 26. Bc3 Rd5 27.
Qg2 b6 28. Rb1 a6 29. a4 h5 30. Rf3 Rd7 31. Qf1 Rg4 32. Qh3 h4 33. Rbf1 Qg6 34.
Kg2 f6 35. Rf5 Ne1+ 36. Kh1 hxg3 37. hxg3 Rxg3 38. Qh4 Rf3 0-1

[Event "VIII Open FIDE"]
[Site "Forli' ITA"]
[Date "1995.08.??"]
[Round "?"]
[White "Sulava, Nenad"]
[Black "Bellia, Fabrizio"]
[Result "1-0"]
[WhiteElo "2390"]
[BlackElo "2300"]
[PlyCount "79"]
[EventDate "1995.08.28"]

1. d4 Nf6 2. c4 g6 3. Nc3 Bg7 4. e4 d6 5. h3 O-O 6. g4 e5 7. d5 c6 8. Be3 cxd5
9. cxd5 a6 10. Nf3 Nbd7 11. Nd2 b5 12. b4 Nb6 13. Be2 Bd7 14. h4 Qc7 15. Rc1
Rfc8 16. O-O Qd8 17. Kg2 Ne8 18. Rh1 f5 19. gxf5 gxf5 20. exf5 Bxf5 21. Bg4
Bxg4 22. Qxg4 Qd7 23. Qe6+ Qxe6 24. dxe6 Nc4 25. Nd5 Nxe3+ 26. fxe3 Bf6 27. Ne4
Rxc1 28. Rxc1 Bxh4 29. Kh3 Bd8 30. e7 Bxe7 31. Nxe7+ Kf7 32. Nd5 a5 33. a3 axb4
34. axb4 Ke6 35. Nec3 e4 36. Rd1 Ke5 37. Rd4 Nf6 38. Nxf6 Kxf6 39. Nxb5 Ke5 40.
Nxd6 1-0

[Event "VIII Open FIDE"]
[Site "Forli' ITA"]
[Date "1995.08.??"]
[Round "?"]
[White "Sulava, Nenad"]
[Black "Drei, Andrea"]
[Result "1-0"]
[WhiteElo "2390"]
[BlackElo "2290"]
[PlyCount "95"]
[EventDate "1995.08.28"]

1. d4 Nf6 2. c4 e6 3. Nf3 b6 4. g3 Bb7 5. Bg2 Be7 6. Nc3 Ne4 7. Bd2 f5 8. d5
Bf6 9. Qc2 Na6 10. Nxe4 fxe4 11. Qxe4 Nc5 12. Qe3 Bxb2 13. Rb1 Qf6 14. O-O O-O
15. Bb4 d6 16. g4 g6 17. g5 Qg7 18. Rxb2 Qxb2 19. Bc3 Qa3 20. Qd4 e5 21. Nxe5
dxe5 22. Qxe5 Kf7 23. Qg7+ Ke8 24. d6 cxd6 25. Bxb7 Nxb7 26. Qxb7 Qxc3 27.
Qxa8+ Kf7 28. Qxa7+ Kg8 29. Qxb6 Qd2 30. Qe3 Qxa2 31. Qe6+ Kg7 32. Rd1 Qa7 33.
Qe3 Qxe3 34. fxe3 Rf5 35. h4 Re5 36. Rxd6 Rxe3 37. Rd7+ Kg8 38. c5 Rc3 39. Rd5
Rc4 40. Kf2 Rxh4 41. Ke3 Kf7 42. Re5 h5 43. gxh6 Kf6 44. Re8 Rxh6 45. c6 Rh7
46. Kd4 Rc7 47. Kd5 Kf7 48. Rh8 1-0

[Event "VIII Open FIDE"]
[Site "Forli' ITA"]
[Date "1995.08.??"]
[Round "?"]
[White "Sulava, Nenad"]
[Black "Sarno, Spartaco"]
[Result "1-0"]
[WhiteElo "2390"]
[BlackElo "2405"]
[PlyCount "125"]
[EventDate "1995.08.28"]

1. Nf3 Nf6 2. c4 d6 3. d4 Nbd7 4. Nc3 e5 5. Bg5 Be7 6. e3 O-O 7. Qc2 c6 8. Bd3
Re8 9. O-O-O Qa5 10. g4 b5 11. Bxf6 Nxf6 12. g5 bxc4 13. Bxc4 Nd5 14. Bxd5 cxd5
15. dxe5 Bg4 16. Rxd5 Qc7 17. exd6 Bxd6 18. Nd4 Bb4 19. Rg1 Bh5 20. h4 Qh2 21.
Re1 Qxh4 22. Nf5 Qh3 23. a3 Bf8 24. e4 Rab8 25. Ng3 Bg6 26. Re3 Qg4 27. Qe2 Qf4
28. Qf3 Qc7 29. Red3 Qc4 30. Qe2 Rec8 31. f4 Qa2 32. Qc2 Qa1+ 33. Qb1 Qxb1+ 34.
Kxb1 f6 35. gxf6 Bxa3 36. Nb5 Bc5 37. Nd6 Bxd6 38. Rxd6 gxf6 39. Rxf6 Rc7 40.
Rfd6 Rbb7 41. R3d5 Rb3 42. Nf5 Rcb7 43. Rd8+ Kf7 44. R5d7+ Rxd7 45. Rxd7+ Kf6
46. Rd6+ Kf7 47. Rd5 Kf6 48. Nd6 Re3 49. f5 Bh5 50. Ra5 Bf3 51. Rxa7 Bxe4+ 52.
Nxe4+ Rxe4 53. Rxh7 Kxf5 54. Rd7 Ke6 55. Rd3 Ra4 56. Kc2 Rc4+ 57. Kb3 Rc8 58.
Rd4 Ke5 59. Rc4 Rb8+ 60. Rb4 Rc8 61. Rb6 Kd5 62. Kb4 Ra8 63. Kb5 1-0

[Event "VIII Open FIDE"]
[Site "Forli' ITA"]
[Date "1995.08.??"]
[Round "?"]
[White "Troncossi, Luca"]
[Black "Bellia, Fabrizio"]
[Result "1-0"]
[WhiteElo "1951"]
[BlackElo "2300"]
[PlyCount "99"]
[EventDate "1995.08.28"]

1. e4 e5 2. Nf3 Nc6 3. d4 exd4 4. Nxd4 Bc5 5. Be3 Qf6 6. c3 Nge7 7. Bb5 Bb6 8.
O-O O-O 9. f4 Nxd4 10. cxd4 d5 11. e5 Qg6 12. Bd3 Bf5 13. Bxf5 Nxf5 14. Bf2 h5
15. Nc3 c6 16. b4 Rfe8 17. Na4 Re6 18. Nc5 Bxc5 19. bxc5 b6 20. Rb1 b5 21. Rb3
a5 22. Rh3 Qg4 23. Rxh5 Qxf4 24. g3 Rg6 25. Qd3 Ne7 26. Kh1 Qg4 27. Rh4 Qf5 28.
Qxf5 Nxf5 29. Rf4 Ne7 30. Be1 b4 31. Rxf7 Re6 32. h4 Rb8 33. R7f2 Rh6 34. Rf7
Re6 35. Bd2 a4 36. R7f3 g6 37. g4 b3 38. axb3 axb3 39. Rb1 b2 40. Bc3 Rb3 41.
Rxb2 Rxb2 42. Bxb2 Kg7 43. Ra3 Ng8 44. Ra7+ Kf8 45. Kg2 Re8 46. Rb7 Ra8 47. Kf3
Ra4 48. Kf4 Ne7 49. e6 Ng8 50. Kg5 1-0

[Event "VIII Open FIDE"]
[Site "Forli' ITA"]
[Date "1995.08.??"]
[Round "1"]
[White "Bellomo, Francesco"]
[Black "Gaggiottini, Manfredo"]
[Result "1-0"]
[WhiteElo "2360"]
[BlackElo "2095"]
[PlyCount "67"]
[EventDate "1995.08.28"]

1. Nf3 b5 2. c3 e6 3. g3 a5 4. Bg2 a4 5. Na3 Ra5 6. O-O Bb7 7. d3 Be7 8. Bd2 h5
9. h4 Bxf3 10. Bxf3 g5 11. hxg5 Bxg5 12. Kg2 Nc6 13. Rh1 Ne5 14. c4 Nxf3 15.
Bxa5 Nd4 16. Bc3 c5 17. Nxb5 Bf6 18. Bxd4 cxd4 19. Qxa4 Be5 20. c5 Nf6 21. Nxd4
Ng4 22. Nf3 Qf6 23. Rxh5 Ne3+ 24. fxe3 Rxh5 25. Qg4 Qh8 26. d4 Bc7 27. e4 Qh7
28. e5 Rh6 29. Rf1 f5 30. exf6 Rg6 31. Ng5 Qh6 32. Qh4 Rxf6 33. Qxh6 Rxh6 34.
Ne4 1-0

[Event "VIII Open FIDE"]
[Site "Forli' ITA"]
[Date "1995.08.??"]
[Round "2"]
[White "Gaggiottini, Manfredo"]
[Black "Voltolini, Mario"]
[Result "0-1"]
[WhiteElo "2095"]
[BlackElo "1900"]
[PlyCount "48"]
[EventDate "1995.08.28"]

1. e4 d5 2. d4 dxe4 3. Nc3 Nf6 4. f3 exf3 5. Qxf3 c6 6. Be3 g6 7. Bc4 Bg7 8. h3
Nbd7 9. O-O-O Nb6 10. Bd3 Nbd5 11. Bg5 Nxc3 12. bxc3 Qa5 13. Qg3 Qxc3 14. Ne2
Qa3+ 15. Kd2 Be6 16. Bxf6 Bxf6 17. Rb1 Qa5+ 18. Kd1 Qxa2 19. Rxb7 O-O 20. c3
Bb3+ 21. Kc1 c5 22. Rf1 Bg7 23. Qf4 cxd4 24. Nxd4 e5 0-1

[Event "VIII Open FIDE"]
[Site "Forli' ITA"]
[Date "1995.08.??"]
[Round "3"]
[White "Magrin, Antonio"]
[Black "Gaggiottini, Manfredo"]
[Result "0-1"]
[WhiteElo "2110"]
[BlackElo "2095"]
[PlyCount "80"]
[EventDate "1995.08.28"]

1. d4 g6 2. e4 Bg7 3. f4 c6 4. Nf3 d5 5. e5 h5 6. Bd3 Nh6 7. c3 Bg4 8. O-O e6
9. Qe1 Bf5 10. Be2 Bf8 11. Nbd2 Be7 12. Ng5 Nd7 13. Ndf3 Qb6 14. Kh1 O-O-O 15.
b4 f6 16. exf6 Nxf6 17. a4 Rdf8 18. a5 Qc7 19. b5 Ne4 20. Ne5 cxb5 21. Bxb5
Bxg5 22. fxg5 Ng4 23. Bf4 Qe7 24. a6 Nxe5 25. axb7+ Kxb7 26. Ba6+ Ka8 27. Bxe5
Rh7 28. h4 Nd6 29. Rf4 Rb8 30. Rf2 Rb6 31. Rfa2 Rf7 32. c4 dxc4 33. Qa5 Qc7 34.
Qc5 Be4 35. Bb7+ Bxb7 36. Rxa7+ Kb8 37. Qa5 Bxg2+ 38. Kxg2 Qxa7 39. Bxd6+ Rxd6
40. Qb5+ Qb7+ 0-1

[Event "VIII Open FIDE"]
[Site "Forli' ITA"]
[Date "1995.08.??"]
[Round "4"]
[White "Gaggiottini, Manfredo"]
[Black "Lurje, Pawel"]
[Result "0-1"]
[WhiteElo "2095"]
[BlackElo "2215"]
[PlyCount "110"]
[EventDate "1995.08.28"]

1. e4 e5 2. Nf3 Nc6 3. Bb5 Nf6 4. d3 d6 5. c3 Be7 6. Nbd2 O-O 7. h3 a6 8. Ba4
b5 9. Bc2 Nb8 10. Nf1 c5 11. Ne3 Nc6 12. O-O d5 13. Nh2 Be6 14. Qf3 Qd7 15.
Nhg4 d4 16. Nf5 Nxg4 17. hxg4 f6 18. Bd2 c4 19. Rfd1 Rfd8 20. dxc4 bxc4 21. Ba4
Rac8 22. cxd4 exd4 23. Ba5 Bxf5 24. Bxd8 Bxg4 25. Rxd4 Nxd4 26. Bxd7 Nxf3+ 27.
gxf3 Rxd8 28. Bxg4 Rd2 29. Rc1 Bc5 30. Rxc4 Bxf2+ 31. Kh1 g6 32. Be6+ Kg7 33.
Rc7+ Kh6 34. b4 Kg5 35. Rxh7 Kf4 36. Rh3 Bg3 37. Bg4 Rxa2 38. Rh6 Kg5 39. Rh7
Bd6 40. Rb7 Kf4 41. Kg1 Be5 42. Kf1 Bc3 43. b5 a5 44. Rc7 Bd4 45. Ke1 a4 46.
Rc4 Ke3 47. Kd1 Kd3 48. Be6 Rg2 49. Rxd4+ Kxd4 50. Kc1 Kc3 51. Kb1 Rb2+ 52. Ka1
Rxb5 53. Bf7 g5 54. Ka2 Kd4 55. Ka3 Rb3+ 0-1

[Event "VIII Open FIDE"]
[Site "Forli' ITA"]
[Date "1995.08.??"]
[Round "5"]
[White "Duarte, Riccardo"]
[Black "Gaggiottini, Manfredo"]
[Result "0-1"]
[WhiteElo "2050"]
[BlackElo "2095"]
[PlyCount "104"]
[EventDate "1995.08.28"]

1. e4 c5 2. f4 Qc7 3. d3 g6 4. Bd2 Bg7 5. Bc3 Bxc3+ 6. Nxc3 Qxf4 7. Nd5 Qd6 8.
Qd2 Nf6 9. Qc3 O-O 10. Nxf6+ Qxf6 11. e5 Qh4+ 12. g3 Qd4 13. Qxd4 cxd4 14. Nf3
Nc6 15. O-O-O f6 16. exf6 Rxf6 17. Bg2 d6 18. Rde1 e5 19. Ng5 Bf5 20. Bd5+ Kg7
21. Rhf1 Raf8 22. a3 h6 23. Rxf5 Rxf5 24. Ne6+ Kh8 25. Nxf8 Rxf8 26. Re2 Kg7
27. Kd2 Ne7 28. Ba2 Rf1 29. Re1 Rf2+ 30. Re2 Rf3 31. Ke1 Kf6 32. Rf2 Rf5 33.
Ke2 d5 34. h3 e4 35. Bb1 Ke5 36. c3 Nc6 37. cxd4+ Kxd4 38. dxe4 Rxf2+ 39. Kxf2
dxe4 40. Ba2 Ne5 41. Ke2 Nd3 42. Bf7 g5 43. b3 b6 44. Be6 Nc1+ 45. Kd2 Na2 46.
Bc4 Nc3 47. a4 Nxa4 48. Be6 e3+ 49. Ke1 Nc5 50. Bf7 Ne4 51. g4 Ng3 52. Be6 Kc3
0-1

[Event "VIII Open FIDE"]
[Site "Forli' ITA"]
[Date "1995.08.??"]
[Round "6"]
[White "Gaggiottini, Manfredo"]
[Black "Barbieri, Giovanni"]
[Result "0-1"]
[WhiteElo "2095"]
[BlackElo "2170"]
[PlyCount "58"]
[EventDate "1995.08.28"]

1. Nf3 Nf6 2. b4 d6 3. e3 g6 4. Bb2 Bg7 5. Be2 Nbd7 6. c4 O-O 7. d3 c5 8. a3 b6
9. Qc2 Bb7 10. Nbd2 Re8 11. Nf1 Qc7 12. Rc1 e5 13. e4 Nf8 14. Rb1 Ne6 15. Ng3
Nf4 16. Bf1 Rad8 17. Nd2 cxb4 18. axb4 d5 19. Ne2 dxe4 20. Nxf4 exf4 21. d4 e3
22. Nf3 exf2+ 23. Kd2 Ng4 24. d5 Qe7 25. Qb3 Bxb2 26. Rxb2 Qe1+ 27. Kc2 Ne3+
28. Kd3 Nxf1 29. Qc3 Qe4# 0-1

[Event "VIII Open FIDE"]
[Site "Forli' ITA"]
[Date "1995.08.??"]
[Round "7"]
[White "Rossi, Giampiero"]
[Black "Gaggiottini, Manfredo"]
[Result "0-1"]
[WhiteElo "2135"]
[BlackElo "2095"]
[PlyCount "68"]
[EventDate "1995.08.28"]

1. d4 Nf6 2. c4 g6 3. g3 Bg7 4. Bg2 O-O 5. Nc3 d6 6. Nf3 Nc6 7. O-O e5 8. dxe5
dxe5 9. Bg5 Be6 10. Qxd8 Raxd8 11. b3 h6 12. Bxf6 Bxf6 13. Rad1 Kg7 14. Nb5 Rc8
15. Ne1 Bg4 16. f3 Be6 17. Nc2 Be7 18. Nc3 Nb4 19. Nxb4 Bxb4 20. Ne4 Rfd8 21.
Rd3 Rxd3 22. exd3 f5 23. Nf2 Bc5 24. Rd1 c6 25. Kf1 a5 26. f4 exf4 27. gxf4 Rd8
28. Nh3 Bf7 29. Bf3 Kf6 30. Ng1 Bxg1 31. Kxg1 Rd4 32. Kf2 Rxf4 33. d4 g5 34.
Ke3 Rxf3+ 0-1

[Event "VIII Open FIDE"]
[Site "Forli' ITA"]
[Date "1995.08.??"]
[Round "8"]
[White "Gaggiottini, Manfredo"]
[Black "Lippi, Lorenzo"]
[Result "1-0"]
[WhiteElo "2095"]
[BlackElo "1900"]
[PlyCount "39"]
[EventDate "1995.08.28"]

1. e4 e6 2. d4 c5 3. Nf3 cxd4 4. Nxd4 a6 5. c4 Nf6 6. Nc3 Bb4 7. Bd3 Bxc3+ 8.
bxc3 d6 9. O-O Qc7 10. f4 Nbd7 11. Ba3 Nc5 12. e5 dxe5 13. fxe5 Qxe5 14. Qf3
O-O 15. Rae1 Qc7 16. Bc2 Rb8 17. Qh3 Re8 18. Rxf6 gxf6 19. Qxh7+ Kf8 20. Nf5
1-0

[Event "VIII Open FIDE"]
[Site "Forli' ITA"]
[Date "1995.08.??"]
[Round "9"]
[White "Quinto, Gianni"]
[Black "Gaggiottini, Manfredo"]
[Result "1/2-1/2"]
[WhiteElo "2250"]
[BlackElo "2095"]
[PlyCount "82"]
[EventDate "1995.08.28"]

1. d4 g6 2. c4 Bg7 3. Nc3 d6 4. Nf3 Bg4 5. e3 Nc6 6. Be2 e5 7. O-O Nge7 8. d5
Bxf3 9. Bxf3 Nb8 10. e4 Nd7 11. Rb1 a5 12. a3 O-O 13. b4 axb4 14. axb4 h6 15.
c5 Nf6 16. Be3 g5 17. Qc2 Ng6 18. Ra1 Qe7 19. Ra4 Rxa4 20. Qxa4 Nf4 21. g3 g4
22. Bg2 N6h5 23. Qd1 Qg5 24. Qd2 Qg6 25. f3 gxf3 26. Rxf3 Ra8 27. gxf4 exf4 28.
Bd4 Ra1+ 29. Rf1 Bxd4+ 30. Qxd4 f3 31. Qf2 Rxf1+ 32. Kxf1 fxg2+ 33. Qxg2 Kf8
34. Qxg6 fxg6 35. Nb5 Ke7 36. Kf2 Kd7 37. Ke3 Nf6 38. Kf4 Nh5+ 39. Ke3 Nf6 40.
Kf4 Nh5+ 41. Ke3 Nf6 1/2-1/2

[Event "VIII Open B"]
[Site "Forli' ITA"]
[Date "1995.08.??"]
[Round "?"]
[White "Bertolini, Ettore"]
[Black "Errico, Mauro"]
[Result "1-0"]
[WhiteElo "1731"]
[BlackElo "1600"]
[PlyCount "45"]
[EventDate "1995.08.28"]

1. e4 c5 2. Nf3 d6 3. d4 cxd4 4. Nxd4 Nf6 5. Nc3 a6 6. Bg5 e6 7. f4 Be7 8. Qf3
Qc7 9. O-O-O Nbd7 10. g4 b5 11. Bxf6 Nxf6 12. g5 Nd7 13. f5 e5 14. f6 gxf6 15.
Nd5 Qb7 16. gxf6 Bf8 17. Nf5 Nc5 18. Ng7+ Kd8 19. Bg2 Ne6 20. Rhf1 Rg8 21. Nf5
h5 22. Nde7 Rh8 23. Nxd6 1-0

[Event "VIII Open B"]
[Site "Forli' ITA"]
[Date "1995.08.??"]
[Round "?"]
[White "Caroli, Tommaso"]
[Black "Mariani, Stefano"]
[Result "1-0"]
[WhiteElo "1600"]
[BlackElo "1866"]
[PlyCount "83"]
[EventDate "1995.08.28"]

1. e4 c6 2. d4 d5 3. exd5 cxd5 4. c4 Nf6 5. Nc3 Bf5 6. Bf4 e6 7. c5 a6 8. a3
Be7 9. Nf3 Nc6 10. Na4 Nd7 11. Be2 h6 12. b4 O-O 13. O-O Re8 14. Bd3 Bxd3 15.
Qxd3 Bf8 16. Rfe1 Qf6 17. Be5 Ncxe5 18. Nxe5 Nxe5 19. Rxe5 Rad8 20. Rae1 g6 21.
Nb6 Bg7 22. g3 Kf8 23. a4 h5 24. b5 h4 25. Kg2 axb5 26. axb5 g5 27. c6 bxc6 28.
bxc6 h3+ 29. Kf1 Re7 30. Nd7+ Rdxd7 31. cxd7 Rxd7 32. Rd1 Ra7 33. Re2 Qe7 34.
Rb1 f5 35. Rbe1 Ra3 36. Qb5 Rf3 37. Rxe6 Bxd4 38. Qb8+ Kf7 39. Rxe7+ Kg6 40.
Qg8+ Kh5 41. Rh7+ Kg4 42. Rh4# 1-0

[Event "VIII Open B"]
[Site "Forli' ITA"]
[Date "1995.08.??"]
[Round "?"]
[White "Errico, Mauro"]
[Black "Sanchirico, Alessio"]
[Result "0-1"]
[WhiteElo "1600"]
[BlackElo "2040"]
[PlyCount "86"]
[EventDate "1995.08.28"]

1. e4 c5 2. c3 g6 3. Nf3 Bg7 4. d4 cxd4 5. cxd4 d6 6. Nc3 Bg4 7. Bb5+ Nd7 8.
Be3 a6 9. Be2 b5 10. a3 Rc8 11. h3 Bxf3 12. Bxf3 e6 13. O-O Ne7 14. Rc1 O-O 15.
Qd2 Nb6 16. b3 Nd7 17. Na2 Nc6 18. Rc2 e5 19. d5 Nd4 20. Rxc8 Qxc8 21. Bxd4
exd4 22. Rc1 Qd8 23. Nb4 Ne5 24. Be2 Qh4 25. Qc2 f5 26. exf5 Rxf5 27. Qc8+ Rf8
28. Qe6+ Kh8 29. f3 d3 30. Bxd3 Nxd3 31. Nxd3 Qd4+ 32. Nf2 Qd2 33. Rd1 Qf4 34.
Qe4 Qg5 35. Qg4 Qe3 36. Qe4 Qxb3 37. Rd3 Qb1+ 38. Rd1 Qb2 39. a4 bxa4 40. Qxa4
Qe2 41. Ne4 Be5 42. Ng5 Qe3+ 43. Kh1 Qxg5 0-1

[Event "VIII Open B"]
[Site "Forli' ITA"]
[Date "1995.08.??"]
[Round "?"]
[White "Mogranzini, Roberto"]
[Black "Sanchirico, Alessio"]
[Result "0-1"]
[WhiteElo "1615"]
[BlackElo "2040"]
[PlyCount "138"]
[EventDate "1995.08.28"]

1. e4 c5 2. Nf3 d6 3. d4 cxd4 4. Nxd4 Nf6 5. Nc3 Nc6 6. Be2 Bd7 7. Be3 g6 8. f3
Bg7 9. Qd2 a6 10. g4 b5 11. a3 Ne5 12. h4 Rb8 13. h5 Nc4 14. Bxc4 bxc4 15. h6
Bf8 16. Rb1 e5 17. Nde2 Be6 18. g5 Nd7 19. Ng3 Be7 20. f4 exf4 21. Bxf4 Ne5 22.
Rf1 Qb6 23. Be3 Qa5 24. Bd4 Bxg5 25. Qxg5 Nd3+ 26. cxd3 Qxg5 27. Nge2 O-O 28.
dxc4 Bxc4 29. Bg7 Rfe8 30. Rg1 Qh4+ 31. Kd2 Bxe2 32. Kxe2 Rxb2+ 33. Rxb2 Qh2+
34. Kd3 Qxb2 35. Nd5 Qxa3+ 36. Kd2 Qa5+ 37. Kd3 Qb5+ 38. Kd2 Qa5+ 39. Kd3 Qa3+
40. Kd2 Qa5+ 41. Kd3 f5 42. Nf6+ Kf7 43. Nxe8 fxe4+ 44. Kxe4 Kxe8 45. Ra1 Qf5+
46. Ke3 Qh3+ 47. Kd2 Qg2+ 48. Kd3 Qf3+ 49. Kd2 Qf2+ 50. Kd3 d5 51. Bd4 Qf3+ 52.
Kd2 Qf4+ 53. Kc3 Qxh6 54. Re1+ Kd7 55. Re3 Qxe3+ 56. Bxe3 Ke6 57. Kd4 h5 58.
Bf2 g5 59. Kd3 g4 60. Kd4 a5 61. Kc5 Ke5 62. Kb5 d4 63. Kxa5 d3 64. Be1 g3 65.
Bxg3+ Ke4 66. Be1 h4 67. Kb4 h3 68. Bg3 d2 69. Kb3 d1=Q+ 0-1

[Event "Open"]
[Site "Genova ITA"]
[Date "1995.??.??"]
[Round "?"]
[White "Cirabisi, Federico"]
[Black "Nurkic, Sahbaz"]
[Result "1-0"]
[WhiteElo "2220"]
[BlackElo "2450"]
[PlyCount "51"]
[EventDate "1995.??.??"]

1. d4 Nf6 2. Nf3 g6 3. Bg5 Bg7 4. Nbd2 O-O 5. c3 d5 6. e3 c5 7. Bd3 Nbd7 8. O-O
Re8 9. Qe2 e5 10. dxe5 Nxe5 11. Nxe5 Rxe5 12. f4 Re8 13. f5 Qd6 14. Qf3 Rf8 15.
Rf2 Bd7 16. Raf1 Bc6 17. Qh3 Rae8 18. Qh4 Nd7 19. f6 Bh8 20. Rf3 Ne5 21. Rh3 h5
22. Be2 Bd7 23. Rg3 Qb6 24. Bxh5 gxh5 25. Qxh5 Ng6 26. Bh4 1-0

[Event "Open"]
[Site "Genova ITA"]
[Date "1995.??.??"]
[Round "?"]
[White "Racioppo, Paolo"]
[Black "Laketic, Gojko"]
[Result "0-1"]
[WhiteElo "2132"]
[BlackElo "2390"]
[PlyCount "84"]
[EventDate "1995.??.??"]

1. e4 Nf6 2. e5 Nd5 3. d4 d6 4. c4 Nb6 5. exd6 cxd6 6. d5 e6 7. Nc3 Be7 8. Bd3
exd5 9. cxd5 N8d7 10. b3 O-O 11. Nge2 Nc5 12. Bc2 Bg4 13. b4 Bxe2 14. Nxe2 Ncd7
15. Bb2 Bf6 16. Qd3 g6 17. Bxf6 Qxf6 18. O-O Rac8 19. Bb3 Rfe8 20. Ng3 Qf4 21.
a3 Ne5 22. Qe4 Qd2 23. Rfd1 Qb2 24. Rdb1 Qc3 25. Qh4 f5 26. a4 Nbc4 27. Bxc4
Rxc4 28. Qg5 Nf7 29. Qc1 Qd4 30. Qa3 Rc2 31. Rf1 f4 32. Nh1 Qxd5 33. Rfc1 Rd2
34. h4 Re3 35. Rc8+ Kg7 36. Qc1 Red3 37. Qc7 f3 38. g4 Rd1+ 39. Rxd1 Rxd1+ 40.
Kh2 Qe5+ 41. Ng3 Rh1+ 42. Kxh1 Qe1+ 0-1

[Event "IV Weekend"]
[Site "Grammichele ITA"]
[Date "1995.??.??"]
[Round "?"]
[White "Licciardello, Salvatore"]
[Black "Alaimo, Riccardo"]
[Result "0-1"]
[WhiteElo "1827"]
[BlackElo "1933"]
[PlyCount "70"]
[EventDate "1995.??.??"]

1. e4 c5 2. Nf3 d6 3. Bb5+ Nd7 4. d4 Ngf6 5. Nc3 cxd4 6. Qxd4 e5 7. Qd3 h6 8.
Be3 Be7 9. O-O O-O 10. Rad1 Qc7 11. b4 Nb6 12. Bxb6 Qxb6 13. a3 Be6 14. Bc4
Bxc4 15. Qxc4 Rac8 16. Qb3 Qc6 17. Rd3 Nxe4 18. b5 Qc4 19. Nd5 Rfe8 20. Re1 Bf8
21. b6 Qxb3 22. cxb3 Nc5 23. Rc3 axb6 24. Nxb6 Rc6 25. Nd5 Ra8 26. a4 Rac8 27.
Nd2 Nd7 28. Nc4 Rc5 29. Rd1 b5 30. axb5 Rxb5 31. Rg3 Rcb8 32. b4 Rc8 33. Nce3
f5 34. Nf1 Nb6 35. Nfe3 Nxd5 0-1

[Event "IV Weekend"]
[Site "Grammichele ITA"]
[Date "1995.??.??"]
[Round "1"]
[White "Alaimo, Riccardo"]
[Black "Filetti, Massimiliano"]
[Result "1-0"]
[WhiteElo "1933"]
[BlackElo "1600"]
[PlyCount "45"]
[EventDate "1995.??.??"]

1. e4 c5 2. Nc3 d6 3. f4 Nc6 4. Nf3 e6 5. Bb5 Bd7 6. O-O Qc7 7. d4 cxd4 8. Nxd4
Nf6 9. Be3 Be7 10. Qf3 O-O 11. Bd3 a6 12. Nde2 Na5 13. e5 dxe5 14. fxe5 Qxe5
15. Kh1 Bc6 16. Qh3 Ne4 17. Bd4 Ng5 18. Bxh7+ Kh8 19. Qh5 Qc7 20. Bd3+ Kg8 21.
h4 Bxg2+ 22. Kxg2 Qc6+ 23. Kg1 1-0

[Event "IV Weekend"]
[Site "Grammichele ITA"]
[Date "1995.??.??"]
[Round "2"]
[White "Polara, Orazio"]
[Black "Alaimo, Riccardo"]
[Result "1/2-1/2"]
[WhiteElo "1621"]
[BlackElo "1933"]
[PlyCount "104"]
[EventDate "1995.??.??"]

1. e4 c5 2. Nf3 d6 3. d4 cxd4 4. Nxd4 Nf6 5. Nc3 a6 6. Bg5 e6 7. f4 Qb6 8. a3
Nbd7 9. Be2 Be7 10. Nf3 Ng4 11. Qd4 Bxg5 12. Qxb6 Nxb6 13. Nxg5 Ne3 14. Kf2
Nec4 15. b3 Na5 16. Rhd1 Ke7 17. Rd2 f6 18. Nf3 Bd7 19. Rad1 Rac8 20. Na2 d5
21. exd5 exd5 22. Nb4 Be6 23. Nd4 Rhd8 24. Nxe6 Kxe6 25. Bf3 Rc5 26. Re2+ Kf7
27. Bg4 Nc6 28. Na2 d4 29. b4 Rb5 30. c4 Nxc4 31. Be6+ Kf8 32. Bxc4 Rf5 33. g3
Rh5 34. Kf3 b5 35. Bd3 Ne7 36. g4 Rhd5 37. Red2 h6 38. Be4 R5d6 39. Nc3 g6 40.
f5 g5 41. Ne2 Nc8 42. Nxd4 Ke8 43. Nb3 Ke7 44. Rxd6 Nxd6 45. Nd4 Rc8 46. Rd3
Nc4 47. Nc6+ Ke8 48. Na7 Rc7 49. Bc6+ Ke7 50. Nxb5 axb5 51. Bxb5 Ne5+ 52. Ke3
Nxd3 1/2-1/2

[Event "IV Weekend"]
[Site "Grammichele ITA"]
[Date "1995.??.??"]
[Round "3"]
[White "Alaimo, Riccardo"]
[Black "Sileci, Salvatore"]
[Result "1-0"]
[WhiteElo "1933"]
[BlackElo "1660"]
[PlyCount "71"]
[EventDate "1995.??.??"]

1. e4 c5 2. Nc3 d6 3. f4 Nc6 4. Nf3 g6 5. Bc4 e6 6. O-O Bg7 7. f5 exf5 8. d3
Be6 9. Bg5 Qd7 10. Nd5 h6 11. exf5 gxf5 12. Bh4 Nge7 13. Nf6+ Bxf6 14. Bxf6 Rg8
15. Bb5 O-O-O 16. Qe2 Rde8 17. Bh4 a6 18. Ba4 Ng6 19. Qf2 Nxh4 20. Nxh4 Rg5 21.
b4 b5 22. Bb3 Nd4 23. bxc5 dxc5 24. c3 Nxb3 25. axb3 Qc6 26. Nf3 Rg7 27. Ne5
Qb6 28. d4 Reg8 29. g3 cxd4 30. cxd4 Kd8 31. Rfc1 Bd5 32. Rc5 Be4 33. Rac1 Bb7
34. Qf4 Qe6 35. d5 Qd6 36. Nxf7+ 1-0

[Event "IV Weekend"]
[Site "Grammichele ITA"]
[Date "1995.??.??"]
[Round "4"]
[White "Romano, Vittorio"]
[Black "Alaimo, Riccardo"]
[Result "0-1"]
[WhiteElo "1870"]
[BlackElo "1933"]
[PlyCount "76"]
[EventDate "1995.??.??"]

1. Nf3 Nf6 2. c4 g6 3. Nc3 d5 4. cxd5 Nxd5 5. g3 Nxc3 6. bxc3 Bg7 7. Bg2 O-O 8.
O-O c5 9. d4 Nc6 10. e3 Qc7 11. Rb1 Bf5 12. Rb5 cxd4 13. cxd4 Be4 14. Qb3 Na5
15. Qb4 b6 16. Ne5 Bxg2 17. Kxg2 e6 18. Ba3 Rfc8 19. Kg1 Qc2 20. Rc1 Qxa2 21.
Rxc8+ Rxc8 22. Qe7 Bxe5 23. dxe5 Qc4 24. Rb1 Qd3 25. Rf1 Nc6 26. Qb7 Rb8 27.
Qxc6 Qxa3 28. Qc7 Rf8 29. Rd1 b5 30. Rd7 a5 31. Rd8 a4 32. Rb8 Qb4 33. Qb6 Rxb8
34. Qxb8+ Kg7 35. Qd8 Qb1+ 36. Kg2 Qe4+ 37. Kg1 Qxe5 38. Qa5 Qb2 0-1